000 00542nam a22002057a 4500
003 DO-SdBNP
005 20210916085540.0
007 ta
008 210916b2021 ||||| |||| 00| 0 spa d
020 _a978-994522-098-8
040 _aDO-SdBNP
_bspa
_cBNPHU
082 _axxx
_bR763h
100 _4Romero, Santo
245 1 _aHistoria oculta de nuestras religiones /
_cSanto Romero
260 _aSanto Domingo :
_bBúho,
_c2021
300 _a171 p. :
_bil. ;
_c24 cm
590 _aInventariado, 2021 / DG
910 _aD/G
942 _2ddc
_cLBS1
999 _c50532
_d50532